| 000 | 00510nam a2200169 a 4500 | ||
|---|---|---|---|
| 005 | 20140310183142.0 | ||
| 008 | 020822s19uu xx 00 eng d | ||
| 050 |
_aHF 5549.5 _b.R353 2001 |
||
| 100 | _aReid, Margaret Anne. | ||
| 245 |
_aTraining interventions : _bmanaging employee development / _cMargaret Anne Reid. |
||
| 260 |
_aIndia : _bJaico Publishing House, _c2001. |
||
| 300 |
_axv. 526 p. : _c24 cm. |
||
| 521 | _aBSBA | ||
| 650 |
_aEmployees _xrating of |
||
| 942 |
_cBK _2lcc _kFOR |
||
| 999 |
_c19421 _d19421 |
||